000 00821nam a22002177a 4500
999 _c16292
_d16292
003 AR-CdUCM
008 190503b ||||| |||| 00| 0 spa d
040 _aMUNICIPALIDAD PROVINCIAL DEL CUSCO
_cBIBLIOTECA MUNICIPAL DEL CUSCO
082 _a141 /
_bS18
100 _aSalazar Bondy, Augusto
_91562
245 _aIrrealidad e idealidad /
260 _aLima :
_bUNMSM,
_c1958.
300 _a147 paginas ;
_c22 cm.
440 _aSerie estudios filosóficos
_935648
505 _aContenido : Diferenciación de la idealidad y la irrealidad -- Crítica de la diferenciación de la irrealidad y la idealidad -- División del ser ideal -- División del ser irreal...
650 _aOntologia filosófica
_935649
650 _aRealidad
_9835
650 _aSer ideal
_935650
942 _2ddc
_cLIBROS
945 _awnts
_d2019-05-3